[Event "World Rapid 2025"]
[Site "Doha QAT"]
[Date "2025.12.26"]
[Round "5.53"]
[White "Mitrabha, Guha"]
[Black "Duda, Jan-Krzysztof"]
[Result "1/2-1/2"]
[WhiteTitle "GM"]
[BlackTitle "GM"]
[WhiteElo "2508"]
[BlackElo "2729"]
[WhiteFideId "5057000"]
[BlackFideId "1170546"]
[EventDate "2025.12.26"]
[EventType "rapid"]

1. Nf3 d5 2. g3 c5 3. Bg2 Nc6 4. d4 e6 5. O-O Nf6 6. c4 dxc4 7. dxc5 Qxd1 8.
Rxd1 Bxc5 9. Nbd2 c3 10. bxc3 O-O 11. Nb3 Be7 12. Nfd4 Bd7 13. Nxc6 Bxc6 14.
Bxc6 bxc6 15. c4 a5 16. Bg5 a4 17. Nd4 Rfc8 18. Rab1 h6 19. Bxf6 Bxf6 20. Nc2
Rab8 21. Nb4 Kf8 22. Kf1 Be7 23. Nd3 Ke8 24. Ke1 h5 25. h3 g6 26. Kd2 Bd6 27.
Kc2 e5 28. e4 f5 29. f3 fxe4 30. fxe4 a3 31. Rxb8 Bxb8 32. Rb1 Ke7 33. Rb7+ Bc7
34. Ra7 Kd6 35. c5+ Kd7 36. g4 hxg4 37. hxg4 Re8 38. Kb3 Kc8 39. Nb4 Re6 40.
Ra8+ Kb7 41. Rf8 g5 42. Rf5 Rh6 43. Kxa3 Rh3+ 44. Ka4 Re3 45. Rxg5 Rxe4 46. Rg7
Rf4 47. Kb3 Rf3+ 48. Kc2 Rf2+ 49. Kc3 Rf3+ 50. Kd2 e4 51. a4 Ra3 52. Na6 Kxa6
53. Rxc7 Rxa4 54. g5 Kb5 55. Ke3 Kxc5 56. g6 Kd6 57. g7 Ra8 58. Ra7 Rg8 59. Kf4
Ke6 60. Kg5 c5 61. Kg6 Ke5 62. Re7+ Kd4 63. Kf5 e3 64. Kf6 c4 65. Rd7+ Ke4 66.
Rc7 Kd3 67. Rd7+ Kc2 68. Re7 Kd2 69. Rd7+ Ke1 70. Rc7 e2 71. Rxc4 Kd2 72. Re4
e1=Q 73. Rxe1 Kxe1 74. Kf7 Rxg7+ 75. Kxg7 1/2-1/2

[Event "World Rapid 2025"]
[Site "Doha QAT"]
[Date "2025.12.26"]
[Round "5.54"]
[White "Mamedyarov, Shakhriyar"]
[Black "Vetokhin, Savva"]
[Result "1/2-1/2"]
[WhiteTitle "GM"]
[BlackTitle "GM"]
[WhiteElo "2730"]
[BlackElo "2572"]
[WhiteFideId "13401319"]
[BlackFideId "44144474"]
[EventDate "2025.12.26"]
[EventType "rapid"]

1. c4 Nf6 2. Nc3 c5 3. Nf3 e6 4. g3 d5 5. cxd5 exd5 6. d4 Nc6 7. a3 cxd4 8. Nxd4
Bc5 9. Be3 Bxd4 10. Bxd4 O-O 11. Bg2 Ne4 12. O-O Nxd4 13. Qxd4 Nxc3 14. Qxc3 d4
15. Qc5 Qf6 16. Rad1 Bg4 17. Rfe1 Rfd8 18. Bxb7 Rab8 19. Bd5 Rxb2 20. Rxd4 Be6
21. Rd3 Bxd5 22. Rxd5 Rxd5 23. Qxd5 g6 24. Qa8+ Kg7 25. Qxa7 Qc3 26. Rd1 Rxe2
27. Qd4+ Qxd4 28. Rxd4 Ra2 29. Rd3 h5 30. h4 f6 31. Rd7+ Kh6 32. Ra7 g5 33. a4
gxh4 34. gxh4 Kg6 35. Kg2 Kf5 36. Kg3 Ra3+ 37. f3 Ra1 38. Ra5+ Kg6 39. Ra8 Kf5
40. a5 Rg1+ 41. Kf2 Rh1 42. Kg3 Rg1+ 43. Kh2 Ra1 44. Rh8 Kg6 45. Ra8 Kf5 46. Rh8 1/2-1/2

[Event "World Rapid 2025"]
[Site "Doha QAT"]
[Date "2025.12.26"]
[Round "5.55"]
[White "Peyrer, Konstantin"]
[Black "Radjabov, Teimour"]
[Result "1/2-1/2"]
[WhiteTitle "IM"]
[BlackTitle "GM"]
[WhiteElo "2496"]
[BlackElo "2692"]
[WhiteFideId "1640879"]
[BlackFideId "13400924"]
[EventDate "2025.12.26"]
[EventType "rapid"]

1. Nf3 Nf6 2. c4 g6 3. g3 Bg7 4. Bg2 d6 5. d4 O-O 6. Nc3 Nc6 7. d5 Na5 8. b3 c5
9. Bb2 a6 10. O-O b5 11. Nd2 Rb8 12. Qc1 Bd7 13. Nd1 e5 14. dxe6 Bxe6 15. cxb5
axb5 16. Ne3 Rc8 17. Ne4 Nxe4 18. Bxe4 Nc6 19. Nd5 Nd4 20. Qd2 Bxd5 21. Bxd5 Qf6
22. e3 Nf3+ 23. Bxf3 Qxb2 24. Qxb2 Bxb2 25. Rad1 Rfd8 26. Rd2 Ba3 27. Rc2 Kf8
28. Rd1 Ke7 29. Rd5 1/2-1/2

[Event "World Rapid 2025"]
[Site "Doha QAT"]
[Date "2025.12.26"]
[Round "5.56"]
[White "Karthik, Venkataraman"]
[Black "Grandelius, Nils"]
[Result "1-0"]
[WhiteTitle "GM"]
[BlackTitle "GM"]
[WhiteElo "2589"]
[BlackElo "2664"]
[WhiteFideId "25006479"]
[BlackFideId "1710400"]
[EventDate "2025.12.26"]
[EventType "rapid"]

1. e4 c6 2. d4 d5 3. Nd2 dxe4 4. Nxe4 Nf6 5. Nxf6+ exf6 6. c3 Bd6 7. Bd3 O-O 8.
Ne2 Re8 9. O-O Nd7 10. Ng3 Nb6 11. Qc2 g6 12. Bd2 f5 13. Rfe1 Rxe1+ 14. Rxe1 Be6
15. b3 Nd5 16. Qc1 Bc7 17. Ne2 Qd6 18. g3 Qd7 19. Nf4 Bxf4 20. Bxf4 Nxf4 21.
Qxf4 c5 22. Bf1 cxd4 23. Rd1 Rc8 24. Rxd4 Qe7 25. Qd2 b6 26. h4 h5 27. c4 Kh7
28. Rd6 Qf6 29. Qd4 Kg7 30. f4 Qxd4+ 31. Rxd4 Kf6 32. a4 Ke7 33. Kf2 a5 34. Ke3
Rc6 35. Rd1 Rd6 36. Rb1 Kd7 37. Bg2 Kc7 38. Rc1 Rd8 39. Bf3 Kb8 40. Rc3 Kc7 41.
Rc2 Re8 42. Kd4 Rd8+ 43. Kc3 Rd7 44. Re2 Rd6 45. Re5 Rd8 46. c5 Rd7 47. cxb6+
Kxb6 48. Rb5+ Ka6 49. Be2 Rc7+ 50. Rc5+ Kb6 51. Rxc7 Kxc7 52. Bc4 Kd6 53. Bxe6
fxe6 54. b4 1-0

[Event "World Rapid 2025"]
[Site "Doha QAT"]
[Date "2025.12.26"]
[Round "5.57"]
[White "Ponomariov, Ruslan"]
[Black "Bharath, Subramaniyam H"]
[Result "1-0"]
[WhiteTitle "GM"]
[BlackTitle "GM"]
[WhiteElo "2639"]
[BlackElo "2576"]
[WhiteFideId "14103320"]
[BlackFideId "46634827"]
[EventDate "2025.12.26"]
[EventType "rapid"]

1. Nf3 d5 2. b3 Bf5 3. Bb2 e6 4. g3 Nf6 5. Bg2 h6 6. O-O Be7 7. d3 O-O 8. Nbd2
Nbd7 9. Re1 Bh7 10. e4 c6 11. Qe2 a5 12. a4 Qb6 13. Rec1 Rfd8 14. exd5 cxd5 15.
Nd4 Re8 16. Nb5 e5 17. Nf1 Rac8 18. Ne3 Qe6 19. d4 exd4 20. Nxd4 Qb6 21. Qb5 Bc5
22. Rd1 Qxb5 23. axb5 Bxd4 24. Bxd4 Bxc2 25. Nxc2 Rxc2 26. Rxa5 Ne4 27. Ra7 Ndc5
28. Bxe4 dxe4 29. Be3 Nxb3 30. Rxb7 Na5 31. Rbd7 Nc4 32. b6 Nxe3 33. fxe3 Kh7
34. b7 Rb2 35. Rxf7 Re6 36. Rdd7 Rg6 37. Rf2 Rb3 38. Kg2 h5 39. Kh3 Kh6 40. Rf8
Rgb6 41. Rh8+ Kg6 42. Rg8 Kf5 43. Rgxg7 Rxe3 44. Rh7 Reb3 45. Rxh5+ Ke6 46. Rd4
e3 47. Re4+ Kf7 48. Rf5+ Kg6 49. Rfe5 Rxb7 50. Re6+ Kf7 51. Rxe3 Rb2 52. Re2 Rb1
53. Kg2 Rd7 54. h4 Rdd1 55. Kh3 Rf1 56. Kg4 Rb4+ 57. R6e4 Rb6 58. Rf4+ Rxf4+ 59.
Kxf4 Kg6 60. Re4 Rf6+ 61. Kg4 Kh6 62. h5 Ra6 63. Kh4 Ra1 64. Re6+ Kg7 65. g4 Ra5
66. h6+ Kh7 67. g5 Ra1 68. Re7+ Kh8 69. Kh5 Ra8 70. g6 Rb8 71. Kg5 Rb5+ 72. Kf6
Rb8 73. Rd7 Re8 74. Kf7 Rg8 75. Rd6 Rf8+ 76. Ke7 1-0

[Event "World Rapid 2025"]
[Site "Doha QAT"]
[Date "2025.12.26"]
[Round "5.58"]
[White "Uskov, Artem"]
[Black "Martirosyan, Haik M."]
[Result "0-1"]
[WhiteTitle "GM"]
[BlackTitle "GM"]
[WhiteElo "2516"]
[BlackElo "2625"]
[WhiteFideId "34254854"]
[BlackFideId "13306553"]
[EventDate "2025.12.26"]
[EventType "rapid"]

1. e4 e5 2. Nf3 Nc6 3. Bc4 Bc5 4. d3 Nf6 5. Bg5 h6 6. Bh4 d6 7. c3 a6 8. Nbd2
Ba7 9. O-O g5 10. Bg3 Qe7 11. b4 Nh7 12. Kh1 Nf8 13. a4 Ng6 14. b5 Na5 15. Bd5
h5 16. h4 gxh4 17. Bh2 c6 18. Ba2 h3 19. g3 Bg4 20. Qe1 h4 21. Rb1 axb5 22. axb5
Qf6 23. Ng1 Bc5 24. f3 hxg3 25. Qxg3 Be6 26. Bxe6 Qxe6 27. d4 exd4 28. f4 Qa2
29. Rbd1 Qa3 30. Nb1 Qb2 31. cxd4 Bxd4 32. Nf3 Bc5 33. f5 Nf4 34. Nbd2 Nh5 35.
Qe1 Qg7 36. Nh4 Rg8 37. Qe2 Ng3+ 38. Bxg3 Qxg3 39. Ndf3 Rg4 40. e5 d5 41. e6 Re4
42. exf7+ Kxf7 43. Qh2 Qxh2+ 44. Kxh2 Rg8 45. bxc6 Bd6+ 46. Kh1 bxc6 47. Ng6 Kf6
48. Nd2 Re2 49. Nf3 Nc4 50. Rg1 Ne3 51. Rc1 Nxf5 52. Ngh4 Rxg1+ 53. Kxg1 h2+ 0-1

[Event "World Rapid 2025"]
[Site "Doha QAT"]
[Date "2025.12.26"]
[Round "5.59"]
[White "Harikrishna, Pentala"]
[Black "Samadov, Read"]
[Result "1-0"]
[WhiteTitle "GM"]
[BlackTitle "IM"]
[WhiteElo "2693"]
[BlackElo "2510"]
[WhiteFideId "5007003"]
[BlackFideId "13417444"]
[EventDate "2025.12.26"]
[EventType "rapid"]

1. e4 c5 2. Nf3 d6 3. Nc3 Nf6 4. e5 dxe5 5. Nxe5 a6 6. a4 e6 7. Be2 Qc7 8. Nc4
Nc6 9. a5 Be7 10. O-O O-O 11. d3 e5 12. Bf3 Be6 13. Bxc6 bxc6 14. Qe2 Nd7 15. b3
f5 16. Nb6 Rae8 17. Nca4 Bd6 18. Ba3 e4 19. h3 f4 20. f3 exf3 21. Qxf3 Ne5 22.
Qf2 f3 23. Nxc5 Bxc5 24. Qxc5 Rf5 25. Rae1 Rg5 26. Rf2 h6 27. Qd6 Qf7 28. Rxe5
Rxg2+ 29. Rxg2 fxg2 30. Kxg2 Bxh3+ 31. Kg3 Be6 32. Qxc6 1-0

[Event "World Rapid 2025"]
[Site "Doha QAT"]
[Date "2025.12.26"]
[Round "5.60"]
[White "Gholami Orimi, Mahdi"]
[Black "Salem, A.R. Saleh"]
[Result "1-0"]
[WhiteTitle "GM"]
[BlackTitle "GM"]
[WhiteElo "2515"]
[BlackElo "2635"]
[WhiteFideId "12558486"]
[BlackFideId "9301348"]
[EventDate "2025.12.26"]
[EventType "rapid"]

1. d4 Nf6 2. c4 g6 3. Nc3 Bg7 4. g3 O-O 5. Bg2 d6 6. Nf3 Nc6 7. O-O e5 8. dxe5
dxe5 9. Bg5 h6 10. Qxd8 Rxd8 11. Bxf6 Bxf6 12. Nd5 Kg7 13. Nxc7 Rb8 14. e4 Be7
15. Nd5 Bc5 16. Rfd1 Be6 17. b3 a5 18. Rab1 b6 19. Rb2 Rbc8 20. h3 Re8 21. Ne1
f5 22. Kh2 Rf8 23. Nd3 Bd4 24. Re2 f4 25. Ne1 Bc5 26. Red2 g5 27. Bf3 h5 28.
Bxh5 Rh8 29. g4 Nd4 30. Kg2 a4 31. Rxd4 Bxd4 32. Nf3 Bxd5 33. exd5 Kf6 34. h4
gxh4 35. Nxd4 exd4 36. Rxd4 Ke5 37. Rd3 a3 38. d6 Rcd8 39. d7 Rhg8 40. f3 Rh8
41. Kh3 Ke6 42. Bg6 Rh6 43. Be8 Ke7 44. g5 Re6 45. Rd2 Re1 46. Kxh4 Rb1 47. g6
Rb2 48. Rd4 Rxa2 49. Rxf4 Rg2 50. Kh3 a2 51. Re4+ Kf6 52. Re1 Rb2 53. Ra1 Ra8
54. Kg3 Re2 55. b4 Rc2 56. c5 bxc5 57. bxc5 Rxc5 58. Rxa2 Rb8 59. Ra6+ Kg7 60.
Re6 Kh6 61. f4 Rd5 62. Kg4 Kg7 63. Re7+ Kf6 64. g7 Rd1 65. g8=N# 1-0

[Event "World Rapid 2025"]
[Site "Doha QAT"]
[Date "2025.12.26"]
[Round "5.61"]
[White "Bilguun, Sumiya"]
[Black "Sadhwani, Raunak"]
[Result "1-0"]
[WhiteTitle "GM"]
[BlackTitle "GM"]
[WhiteElo "2442"]
[BlackElo "2638"]
[WhiteFideId "4901541"]
[BlackFideId "35093487"]
[EventDate "2025.12.26"]
[EventType "rapid"]

1. e4 e5 2. Nf3 Nc6 3. Bc4 d6 4. a4 Be7 5. d3 Nf6 6. O-O O-O 7. c3 a5 8. Re1 Be6
9. Nbd2 Qd7 10. Bb5 Qc8 11. d4 exd4 12. cxd4 Bg4 13. h3 Bh5 14. Qb3 Nb4 15. e5
dxe5 16. Nxe5 c6 17. Bc4 Qc7 18. Ne4 Nfd5 19. Bd2 Rad8 20. Rac1 Bg6 21. Qg3 Qb6
22. Nxg6 hxg6 23. Bc3 Rfe8 24. Ng5 Bxg5 25. Qxg5 Qc7 26. Bxb4 Nxb4 27. Qxg6 Qf4
28. Qg4 Rxe1+ 29. Rxe1 Qxg4 30. hxg4 Kf8 31. Rd1 Ke7 32. Re1+ Kf6 33. Re5 Rd7
34. Rxa5 g6 35. g5+ Kg7 36. b3 Kf8 37. Ra7 Ke7 38. a5 Nc2 39. Bxf7 Nxd4 40. Bxg6
Nxb3 41. Bf5 Rd1+ 42. Kh2 1-0

[Event "World Rapid 2025"]
[Site "Doha QAT"]
[Date "2025.12.26"]
[Round "5.62"]
[White "Moussard, Jules"]
[Black "Saraci, Nderim"]
[Result "1-0"]
[WhiteTitle "GM"]
[BlackTitle "IM"]
[WhiteElo "2600"]
[BlackElo "2461"]
[WhiteFideId "642908"]
[BlackFideId "6351921"]
[EventDate "2025.12.26"]
[EventType "rapid"]

1. e4 e5 2. Nf3 Nc6 3. Bb5 Nge7 4. O-O Ng6 5. Nc3 Bc5 6. d3 Nd4 7. Nxd4 Bxd4 8.
Be3 Bxe3 9. fxe3 O-O 10. Bc4 d6 11. Ne2 Be6 12. Bb3 Qg5 13. Qd2 Ne7 14. Rf3 Bxb3
15. axb3 f5 16. Nc3 fxe4 17. Nxe4 Qg6 18. Rxf8+ Rxf8 19. Rxa7 Nf5 20. Ra1 d5 21.
Nc3 Nh4 22. Qe2 c6 23. Rf1 Rxf1+ 24. Kxf1 Nf5 25. Nd1 Qh6 26. Kg1 d4 27. exd4
Qc1 28. c3 Ne3 29. Qxe3 Qxd1+ 30. Kf2 Qxb3 31. Qxe5 Qxb2+ 32. Kg3 h6 33. d5 cxd5
34. Qxd5+ Kh8 35. c4 b6 36. h4 Qd2 37. Qa8+ Kh7 38. Qe4+ g6 39. Kf3 h5 40. Qb7+
Kg8 41. Qd5+ Kg7 42. Qe5+ Kh7 43. Qe2 Qa5 44. Qe7+ Kg8 45. Qg5 Qa8+ 46. Ke3 Kh7
47. Qe7+ Kh6 48. Qe5 Qd8 49. g3 Qc8 50. Kd4 Kh7 51. Qd6 Qg4+ 52. Kc3 Qd1 53. Kd4
Qf3 54. Qe7+ Kg8 55. Qe5 Kh7 56. Qf4 Qc6 57. Qf7+ Kh6 58. Qf8+ Kh7 59. Qe7+ Kh6
60. Qe5 Kh7 61. Kc3 Qh1 62. Qe7+ Kh6 63. Qe3+ Kh7 64. Kb2 Qd1 65. d4 Qa4 66. Qc3
Kg7 67. d5+ Kf7 68. Qb3 Qa5 69. Qf3+ Ke8 70. Qc3 Qc5 71. Kb3 Qf2 72. Qe5+ Kd7
73. Qe6+ Kd8 74. Qd6+ Kc8 75. Qxg6 Qe3+ 76. Ka4 Qd4 77. Qc6+ Kb8 78. Kb5 Qb2+
79. Ka6 Qa1+ 80. Kxb6 Qd4+ 81. Qc5 Qb2+ 82. Qb5 Qf6+ 83. Kc5+ 1-0

[Event "World Rapid 2025"]
[Site "Doha QAT"]
[Date "2025.12.26"]
[Round "5.63"]
[White "Xiao, Tong(QD)"]
[Black "Indjic, Aleksandar"]
[Result "1/2-1/2"]
[WhiteTitle "GM"]
[BlackTitle "GM"]
[WhiteElo "2555"]
[BlackElo "2635"]
[WhiteFideId "8622388"]
[BlackFideId "911925"]
[EventDate "2025.12.26"]
[EventType "rapid"]

1. e4 e5 2. Nf3 Nc6 3. Bb5 Bc5 4. c3 Nf6 5. d3 d6 6. O-O O-O 7. Re1 Bb6 8. Nbd2
Ne7 9. d4 a6 10. Bf1 Nc6 11. Nc4 Ba7 12. Bg5 h6 13. Bh4 exd4 14. Nxd4 Ne5 15.
Nxe5 dxe5 16. Nf5 Qxd1 17. Raxd1 Kh7 18. Bxf6 gxf6 19. Bc4 Bc5 20. Rd3 Bxf5 21.
exf5 Rad8 22. Red1 Rxd3 23. Rxd3 Bd6 24. Kf1 b5 25. Bd5 a5 26. Ke2 Kg7 27. Bc6
Rb8 28. Rd5 b4 29. c4 b3 30. Rxa5 bxa2 31. Rxa2 Bc5 32. Bb5 1/2-1/2

[Event "World Rapid 2025"]
[Site "Doha QAT"]
[Date "2025.12.26"]
[Round "5.64"]
[White "Aditya, Mittal"]
[Black "Ganguly, Surya Shekhar"]
[Result "1-0"]
[WhiteTitle "GM"]
[BlackTitle "GM"]
[WhiteElo "2624"]
[BlackElo "2568"]
[WhiteFideId "35042025"]
[BlackFideId "5002150"]
[EventDate "2025.12.26"]
[EventType "rapid"]

1. e4 e5 2. Nf3 Nc6 3. Nc3 Nf6 4. Bb5 Nd4 5. Bc4 c6 6. Nxe5 Qe7 7. Nxf7 Rg8 8.
Nh6 Rh8 9. Nf7 Rg8 10. Nd6+ Qxd6 11. Bxg8 Nxg8 12. d3 Qg6 13. O-O d5 14. Kh1 Bd6
15. Be3 Bg4 16. f3 Qh5 17. Bg1 Bd7 18. Qd2 O-O-O 19. g4 Nxf3 20. gxh5 Nxd2 21.
Rf2 Bg4 22. Rxd2 Bf3+ 23. Rg2 Nf6 24. Rf1 dxe4 25. Nxe4 Bxg2+ 26. Kxg2 Nxe4 27.
dxe4 Be5 28. c3 a6 29. Bb6 Rd2+ 30. Rf2 Rxf2+ 31. Bxf2 g6 32. Bg3 Bf6 33. e5 Bg5
34. hxg6 hxg6 35. e6 Kd8 36. Bd6 Be7 37. Be5 Bg5 38. Bd6 Be7 39. Bxe7+ Kxe7 40.
Kg3 Kxe6 41. Kf4 b5 42. Kg5 Kf7 43. b4 Kg7 44. Kf4 Kf6 45. Ke4 Kg5 46. Ke5 Kg4
47. Kf6 g5 48. a3 Kh5 49. Kg7 g4 50. Kf6 Kh6 51. Kf5 Kh5 52. Kf6 Kh6 53. Kf5 Kh5
54. Kf4 Kh4 55. Ke4 Kg5 56. Ke5 Kg6 57. Kf4 Kh5 58. Kf5 Kh4 59. Kg6 Kh3 60. Kg5 1-0

[Event "World Rapid 2025"]
[Site "Doha QAT"]
[Date "2025.12.26"]
[Round "5.65"]
[White "Narayanan, S.L."]
[Black "Isanzhulov, Arystan"]
[Result "1-0"]
[WhiteTitle "GM"]
[BlackTitle "IM"]
[WhiteElo "2616"]
[BlackElo "2419"]
[WhiteFideId "5058422"]
[BlackFideId "13711644"]
[EventDate "2025.12.26"]
[EventType "rapid"]

1. d4 Nf6 2. c4 e6 3. Nf3 d5 4. Nc3 Bb4 5. cxd5 exd5 6. Bg5 h6 7. Bh4 O-O 8. e3
Bf5 9. Be2 Nbd7 10. Qb3 c5 11. O-O Bxc3 12. Qxc3 c4 13. Nd2 b5 14. a4 a6 15. Qb4
a5 16. Qd6 g5 17. Bg3 b4 18. h4 Re8 19. hxg5 hxg5 20. Bh2 Qb8 21. Qxb8 Nxb8 22.
Rfc1 Nbd7 23. b3 c3 24. Nf3 Ne4 25. Bd3 f6 26. Ne1 Bh7 27. Bb5 Ra7 28. Bc6 Nb6
29. Bxe8 Nd2 30. Ra2 Ra8 31. Bb5 Rc8 32. Rd1 Nxb3 33. Nc2 Nd2 34. Na1 b3 35.
Raxd2 cxd2 36. Nxb3 Bc2 37. Rxd2 Bxb3 38. Bd6 Nc4 39. Rd3 Bc2 40. Bxc4 Rxc4 41.
Rd2 Kf7 42. Bc5 Ke6 43. Bb6 Bxa4 44. Ra2 g4 45. Bxa5 g3 46. fxg3 Bc2 47. Bd8 f5
48. Ra6+ Kd7 49. Bg5 Be4 50. Kh2 Rc1 51. Bf4 Ke7 52. Ra7+ Kf6 53. Be5+ Kg6 54.
Rg7+ Kh6 55. g4 fxg4 56. Rxg4 Rc2 57. Bf4+ Kh5 58. Rg8 Kh4 59. Be5 Re2 60. Bf6+
Kh5 61. Rg5+ Kh6 62. Rg3 Kh5 63. Be5 Kh4 64. Rg8 Rxe3 65. Bg3+ Kh5 66. Bf4 Re2
67. Kh3 Bf5+ 68. g4+ Bxg4+ 69. Rxg4 Re3+ 70. Rg3 1-0

[Event "World Rapid 2025"]
[Site "Doha QAT"]
[Date "2025.12.26"]
[Round "5.66"]
[White "Akobian, Varuzhan"]
[Black "Salinas Herrera, Pablo"]
[Result "0-1"]
[WhiteTitle "GM"]
[BlackTitle "GM"]
[WhiteElo "2549"]
[BlackElo "2473"]
[WhiteFideId "13300580"]
[BlackFideId "3407128"]
[EventDate "2025.12.26"]
[EventType "rapid"]

1. d4 d5 2. c4 e6 3. Nf3 Nf6 4. cxd5 exd5 5. Nc3 c6 6. Qc2 Be7 7. Bg5 h6 8. Bh4
O-O 9. e3 Re8 10. Bd3 Ne4 11. Bxe7 Qxe7 12. O-O Bf5 13. Bxe4 Bxe4 14. Nxe4 Qxe4
15. Qb3 Qe7 16. Rfc1 Na6 17. a3 Rab8 18. Qa4 Ra8 19. b4 Nc7 20. Qb3 a5 21. bxa5
Nb5 22. Qb4 Qd8 23. a4 Nd6 24. Nd2 Rxa5 25. Nb3 Ra7 26. a5 Nc4 27. h3 Qc7 28.
Rab1 Qe7 29. Nc5 Rb8 30. e4 Qd8 31. exd5 cxd5 32. Nb3 b6 0-1

[Event "World Rapid 2025"]
[Site "Doha QAT"]
[Date "2025.12.26"]
[Round "5.67"]
[White "Ibarra Jerez, Jose Carlos"]
[Black "Agmanov, Zhandos"]
[Result "1/2-1/2"]
[WhiteTitle "GM"]
[BlackTitle "IM"]
[WhiteElo "2532"]
[BlackElo "2471"]
[WhiteFideId "2226332"]
[BlackFideId "13708309"]
[EventDate "2025.12.26"]
[EventType "rapid"]

1. e4 e6 2. d4 d5 3. Nc3 Nf6 4. Bg5 dxe4 5. Nxe4 Be7 6. Bxf6 gxf6 7. Nf3 a6 8.
c4 Nc6 9. Qd2 f5 10. Nc3 Bf6 11. O-O-O O-O 12. Kb1 Kh8 13. h3 e5 14. d5 Ne7 15.
g4 b5 16. gxf5 Bxf5+ 17. Ka1 bxc4 18. Bxc4 Rb8 19. Rhe1 Qd6 20. Bd3 Bxd3 21.
Qxd3 Bg7 22. Qe2 Ng6 23. Ng5 h6 24. Nge4 Qb4 25. a3 Qb6 26. d6 Nf4 27. Qc2 f5
28. Nd2 Qxd6 29. Nc4 Qc5 30. b3 e4 31. Ka2 Nd3 32. Re3 Rfd8 33. Rg1 Qd4 34. Ne2
Qc5 35. Reg3 Rg8 36. f3 Bf6 37. fxe4 fxe4 38. Qd2 Qh5 39. Qe3 Rxg3 40. Nxg3 Qg5
41. Qxg5 Bxg5 42. Nxe4 Nc1+ 43. Kb2 Rxb3+ 44. Kc2 Ne2 45. Kxb3 Nxg1 46. Nc5 Nxh3
47. Nxa6 Bf4 48. Nc5 Ng5 49. a4 Nf3 50. a5 Nd4+ 51. Kc3 Nc6 52. a6 h5 53. Kd3 h4
54. Ke4 h3 55. Kf3 h2 56. Kg2 Kg8 57. Ne6 Bd6 58. Nxd6 cxd6 59. Kxh2 Na7 1/2-1/2

[Event "World Rapid 2025"]
[Site "Doha QAT"]
[Date "2025.12.26"]
[Round "5.68"]
[White "Samunenkov, Ihor"]
[Black "Kadric, Denis"]
[Result "1/2-1/2"]
[WhiteTitle "GM"]
[BlackTitle "GM"]
[WhiteElo "2584"]
[BlackElo "2543"]
[WhiteFideId "14187086"]
[BlackFideId "14403803"]
[EventDate "2025.12.26"]
[EventType "rapid"]

1. d4 d6 2. e4 Nf6 3. Nc3 e5 4. Nf3 Nbd7 5. Bc4 Be7 6. O-O O-O 7. a4 exd4 8.
Nxd4 Re8 9. Re1 Bf8 10. Bg5 c6 11. Qd2 h6 12. Bh4 Ne5 13. Bb3 Ng6 14. Bg3 Nh5
15. Rad1 Nxg3 16. hxg3 Bg4 17. f3 Bd7 18. Qf2 a6 19. g4 b5 20. Nf5 Bxf5 21. gxf5
Ne5 22. axb5 axb5 23. Ne2 Nc4 24. Bxc4 bxc4 25. Qd4 d5 26. exd5 Ra5 27. Qxc4
cxd5 28. Qd3 Qh4 29. Rf1 Ra4 30. Qb5 Rxe2 31. Qxe2 Bd6 32. g4 h5 33. Rxd5 hxg4
34. Rxd6 gxf3 35. Qh2 f2+ 36. Kg2 Qe4+ 37. Kxf2 Qxc2+ 38. Kg3 Rg4+ 39. Kxg4 Qxh2
40. Rd8+ Kh7 41. Rfd1 Qg2+ 1/2-1/2

[Event "World Rapid 2025"]
[Site "Doha QAT"]
[Date "2025.12.26"]
[Round "5.69"]
[White "Adhiban, Baskaran"]
[Black "Dau Khuong Duy"]
[Result "1-0"]
[WhiteTitle "GM"]
[BlackTitle "IM"]
[WhiteElo "2557"]
[BlackElo "2489"]
[WhiteFideId "5018471"]
[BlackFideId "12424722"]
[EventDate "2025.12.26"]
[EventType "rapid"]

1. d4 Nf6 2. Nf3 g6 3. c4 Bg7 4. g3 b6 5. Bg2 Bb7 6. O-O O-O 7. Nc3 Ne4 8. Nxe4
Bxe4 9. d5 Na6 10. h4 Nc5 11. Ng5 Bxg2 12. Kxg2 h6 13. Nf3 e5 14. b4 Ne4 15. Qc2
f5 16. c5 Qe7 17. Be3 Nf6 18. Rad1 d6 19. Qb3 Nh5 20. Bc1 f4 21. g4 Nf6 22. g5
Nh7 23. gxh6 Bxh6 24. cxd6 cxd6 25. Bb2 e4 26. Nd4 Qxh4 27. Rh1 Qg4+ 28. Kf1 Bg7
29. f3 exf3 30. exf3 Qg3 31. Ne2 Qg5 32. Bxg7 Kxg7 33. Nd4 Kg8 34. Ne6 Qg3 35.
Qc3 Nf6 36. Rg1 Qh3+ 37. Ke2 Qh2+ 38. Kd3 Qh5 39. Ke2 Rf7 40. Rh1 Qf5 41. Rdg1
Re8 42. Kf2 Rxe6 43. dxe6 Qxe6 44. Rxg6+ Kf8 45. Rh8+ Ke7 46. Qc7+ Qd7 47. Qxd7+
Kxd7 48. a3 Ke6 49. Rh5 Rc7 50. Rhh6 Rf7 51. Ke2 Kf5 52. Kd3 a5 53. b5 a4 54.
Kd4 Rf8 55. Rg7 Ke6 56. Rb7 Rg8 57. Rxb6 Rg3 58. Rxd6+ Kxd6 59. Rxf6+ Kc7 60.
Rxf4 Kb6 61. Kc4 Ka5 62. Rf6 Rg4+ 63. f4 Rg6 64. Ra6+ 1-0

[Event "World Rapid 2025"]
[Site "Doha QAT"]
[Date "2025.12.26"]
[Round "5.70"]
[White "Chasin, Nico"]
[Black "Wojtaszek, Radoslaw"]
[Result "1-0"]
[WhiteTitle "IM"]
[BlackTitle "GM"]
[WhiteElo "2517"]
[BlackElo "2667"]
[WhiteFideId "30908477"]
[BlackFideId "1118358"]
[EventDate "2025.12.26"]
[EventType "rapid"]

1. d4 Nf6 2. c4 e6 3. Nf3 d5 4. Nc3 Bb4 5. cxd5 exd5 6. Bf4 Ne4 7. Rc1 Nd7 8.
Nd2 Nxc3 9. bxc3 Ba3 10. Rb1 Nb6 11. Qc2 O-O 12. e3 Qe7 13. Bd3 h6 14. O-O c5
15. dxc5 Bxc5 16. a4 Nd7 17. c4 d4 18. exd4 Bxd4 19. Nf3 Qf6 20. Bg3 Be5 21.
Nxe5 Nxe5 22. Bh7+ Kh8 23. Be4 Nc6 24. Rfd1 Re8 25. f3 Qe7 26. Bd6 Qg5 27. Qc3
Bf5 28. Rd5 1-0

[Event "World Rapid 2025"]
[Site "Doha QAT"]
[Date "2025.12.26"]
[Round "5.71"]
[White "Maksimovic, Bojan"]
[Black "Ibrahimli, Murad"]
[Result "0-1"]
[WhiteTitle "GM"]
[BlackTitle "IM"]
[WhiteElo "2533"]
[BlackElo "2438"]
[WhiteFideId "14408120"]
[BlackFideId "13410229"]
[EventDate "2025.12.26"]
[EventType "rapid"]

1. d4 d5 2. Nf3 Nf6 3. Bg5 Ne4 4. Bh4 h5 5. h3 f6 6. Nfd2 Nd6 7. f3 Nc6 8. Bf2
e5 9. dxe5 Nxe5 10. Nc3 Be6 11. e4 dxe4 12. Ndxe4 h4 13. Nxd6+ Qxd6 14. Qxd6
Bxd6 15. Nb5 Nf7 16. Nxd6+ Nxd6 17. O-O-O Kf7 18. Bd3 b6 19. Rhe1 Rae8 20. b3 g5
21. c4 c5 22. Kb2 Bf5 23. Bf1 Rxe1 24. Bxe1 Ke6 25. a3 Rc8 26. Bc3 Rd8 27. Be1
Nb7 28. Rxd8 Nxd8 29. Kc3 Kd7 30. b4 Ne6 31. Bf2 Bg6 32. g3 hxg3 33. Bxg3 Bh5
34. Bd3 Nf4 35. Bf5+ Ke7 36. Bxf4 gxf4 37. Bg4 Bg6 38. h4 f5 39. Bh3 Kf6 40. Kb3
Be8 41. Bf1 Bc6 42. Be2 Kg6 43. b5 Bb7 44. Kc3 Kh5 45. Kd2 Kxh4 46. Bd3 Bxf3 47.
Bxf5 Kg3 0-1